<?xml version="1.0" encoding="UTF-8"?>
<record
    xmlns:xsi="http://www.w3.org/2001/XMLSchema-instance"
    xsi:schemaLocation="http://www.loc.gov/MARC21/slim http://www.loc.gov/standards/marcxml/schema/MARC21slim.xsd"
    xmlns="http://www.loc.gov/MARC21/slim">

  <leader>02197nam a2200325 u 4500</leader>
  <controlfield tag="001">1448387</controlfield>
  <controlfield tag="005">20260508090809.0</controlfield>
  <controlfield tag="007">co|||||||</controlfield>
  <controlfield tag="008">160818s2016                        spa  </controlfield>
  <datafield tag="035" ind1=" " ind2=" ">
    <subfield code="a">1448387</subfield>
  </datafield>
  <datafield tag="040" ind1=" " ind2=" ">
    <subfield code="c">comduadb</subfield>
  </datafield>
  <datafield tag="041" ind1=" " ind2=" ">
    <subfield code="a">spa</subfield>
  </datafield>
  <datafield tag="082" ind1=" " ind2="4">
    <subfield code="a">657</subfield>
  </datafield>
  <datafield tag="100" ind1="1" ind2="0">
    <subfield code="a">Guti&#xE9;rrez Loaiza, Estefan&#xED;a</subfield>
    <subfield code="4">aut</subfield>
    <subfield code="e">aut</subfield>
    <subfield code="9">730477</subfield>
  </datafield>
  <datafield tag="245" ind1="1" ind2="0">
    <subfield code="a">Perspectivas de las PYMES exportadoras de flores de Rionegro frente al servicio de auditor&#xED;a externa ofrecido por las firmas de auditor&#xED;a especializadas en pymes</subfield>
  </datafield>
  <datafield tag="260" ind1=" " ind2=" ">
    <subfield code="a">Medell&#xED;n :</subfield>
    <subfield code="b">Autores (as),</subfield>
    <subfield code="c">2016.</subfield>
  </datafield>
  <datafield tag="300" ind1=" " ind2=" ">
    <subfield code="a">1 CD-ROM</subfield>
  </datafield>
  <datafield tag="520" ind1="3" ind2=" ">
    <subfield code="a">Partiendo de la necesidad de crecimiento a la que se enfrentan las Pymes exportadoras del sector floricultor de Rionegro surge esta investigaci&#xF3;n, centrada en la identificaci&#xF3;n de las perspectivas que tienen estas empresas acerca del servicio de auditor&#xED;a externa; el cual, es ofrecido por firmas de auditor&#xED;a especializadas, para que la informaci&#xF3;n financiera sea confiable, les permita ser competitivas, mantenerse en los mercados internacionales y ser impulsadas hacia su crecimiento. Se encontraron resultados mixtos, siendo el principal que las Pymes del sector floricultor ubicadas en Rionegro dedicadas a la exportaci&#xF3;n, no consideran como una necesidad el contratar servicios de auditor&#xED;a externa, esto se debe principalmente a que no existe claridad en el servicio de aseguramiento de revisor&#xED;a fiscal y auditor&#xED;a externa, evidenciando una disminuci&#xF3;n en el la contrataci&#xF3;n de este servicio, incluso, entre los mismos profesionales de la contadur&#xED;a p&#xFA;blica, la administraci&#xF3;n y agentes de toma de decisiones en estas compa&#xF1;&#xED;as.</subfield>
  </datafield>
  <datafield tag="650" ind1=" " ind2=" ">
    <subfield code="a">Revisor&#xED;a fiscal</subfield>
    <subfield code="9">6143</subfield>
  </datafield>
  <datafield tag="650" ind1=" " ind2=" ">
    <subfield code="a">Auditor&#xED;a externa</subfield>
    <subfield code="9">112136</subfield>
  </datafield>
  <datafield tag="650" ind1=" " ind2="7">
    <subfield code="a">Peque&#xF1;a y mediana empresa</subfield>
    <subfield code="2">armarc</subfield>
    <subfield code="9">114964</subfield>
  </datafield>
  <datafield tag="650" ind1=" " ind2=" ">
    <subfield code="a">Rionegro (Antioquia) - Aspectos econ&#xF3;micos</subfield>
    <subfield code="9">117635</subfield>
  </datafield>
  <datafield tag="650" ind1=" " ind2=" ">
    <subfield code="a">Rionegro (Antioquia) - Exportaciones</subfield>
    <subfield code="9">119509</subfield>
  </datafield>
  <datafield tag="700" ind1="1" ind2="0">
    <subfield code="a">Hern&#xE1;ndez &#xC1;vila, Mayra Alejandra</subfield>
    <subfield code="4">aut</subfield>
    <subfield code="e">aut</subfield>
    <subfield code="9">732342</subfield>
  </datafield>
  <datafield tag="700" ind1="1" ind2="0">
    <subfield code="a">Mej&#xED;a Echavarr&#xED;a, Luis Felipe</subfield>
    <subfield code="4">aut</subfield>
    <subfield code="e">aut</subfield>
    <subfield code="9">746864</subfield>
  </datafield>
  <datafield tag="700" ind1="1" ind2="0">
    <subfield code="a">Guevara Sanabria, Jaime Alberto</subfield>
    <subfield code="4">ths</subfield>
    <subfield code="e">ths</subfield>
    <subfield code="9">429855</subfield>
  </datafield>
  <datafield tag="942" ind1=" " ind2=" ">
    <subfield code="c">TESIS</subfield>
  </datafield>
  <datafield tag="999" ind1=" " ind2=" ">
    <subfield code="c">746651</subfield>
    <subfield code="d">746651</subfield>
  </datafield>
  <datafield tag="502" ind1=" " ind2=" ">
    <subfield code="b">60</subfield>
    <subfield code="c">9</subfield>
  </datafield>
  <datafield tag="526" ind1=" " ind2=" ">
    <subfield code="a">60</subfield>
  </datafield>
  <datafield tag="952" ind1=" " ind2=" ">
    <subfield code="0">0</subfield>
    <subfield code="1">0</subfield>
    <subfield code="4">0</subfield>
    <subfield code="7">0</subfield>
    <subfield code="8">TESDIGBC</subfield>
    <subfield code="a">BC</subfield>
    <subfield code="b">BC</subfield>
    <subfield code="d">2016-08-18</subfield>
    <subfield code="e">Material adquirido por donaci&#xF3;n</subfield>
    <subfield code="i">C1249553</subfield>
    <subfield code="l">0</subfield>
    <subfield code="o">657.45 G984pe CD-ROM</subfield>
    <subfield code="p">1017486</subfield>
    <subfield code="r">2023-05-03 00:00:00</subfield>
    <subfield code="t">1</subfield>
    <subfield code="w">2023-05-03</subfield>
    <subfield code="y">DIGITAL</subfield>
  </datafield>
</record>
